00436nam a2200157Ia 450000500170000000800410001702000150005804000130007308200170008610000190010324500600012226000280018230000140021054600120022465000420023620250908114730.0231207s9999 xx 000 0 und d a9690014269 cPK-LaNCA a759.954bHAS aMusarrat Hasan 0aPainting in the Punjab plains 1849-1949cMusarrat Hasan bFerozsonsaLahorec1998 a268pbill aEnglish aPainter, Pakistan., Painters, Indian.